| 000 | 01227nam a2200349 c 4500 | ||
|---|---|---|---|
| 003 | BLK | ||
| 005 | 20240623004053.0 | ||
| 008 | 180413b bul|||||r ||||||| ||bul|| | ||
| 010 | _aKNG00027213000 | ||
| 020 |
_a954-427-343-3 _bиздат.: Абагар |
||
| 040 | _aBLK | ||
| 041 |
_aBUL _cBUL |
||
| 080 |
_aБългарска литература _b821.163.2 _x.09(092) _z821.163.2.09(092) |
||
| 080 |
_aБиографии _b929 _x(497.2) _z929(497.2) |
||
| 100 | 1 |
_aИлиев, Стоян _eпърви автор _9363990 |
|
| 139 |
_aИлиев, Стоян _bИ 52 |
||
| 245 | 1 | 0 |
_aЛитературни портрети _cСтоян Илиев. |
| 257 | _aBGR | ||
| 260 |
_аВ. Търново _bАбагар _c1999 |
||
| 300 |
_a216 с. _c20 см |
||
| 380 | _a82 | ||
| 500 | _aПълното име на авт. Стоян Илиев Димитров | ||
| 650 | 0 |
_aПисатели, български _9241944 |
|
| 650 | 4 |
_aПоети, български _9241945 |
|
| 650 | 4 |
_aЛитературоведи, български _9267787 |
|
| 852 | _aЦб 200325 | ||
| 856 | 4 |
_qpdf _u |
|
| 856 | 4 |
_qpdf _u |
|
| 942 |
_cKNG _n0 |
||
| 944 |
_aCR _c15.01.2003 _k _lCRON CRON |
||
| 944 |
_aED _c05.06.2006 _k |
||
| 999 |
_c24691 _d24691 |
||